Υπαρξισμός

Αποθηκεύτηκε σε:
Λεπτομέρειες βιβλιογραφικής εγγραφής
Κύριος συγγραφέας: Σκανδαλάκης, Ι. Ν.
Μορφή: Βιβλίο
Γλώσσα:Greek
Δημοσίευση: Αθήναι : [χ.ό.], 1953
Θέματα:
Ετικέτες: Προσθήκη ετικέτας
Δεν υπάρχουν, Καταχωρήστε ετικέτα πρώτοι!

MARC

LEADER 00000cam a2200000 i 4500
001 1/87152
008 051011s1953 gre d
035 |l 10080743 
040 |a GR-MY-UA  |b gre  |e aacr 
041 0 |a gre 
082 0 |a 142.78  |2 (22) 
100 1 |a Σκανδαλάκης, Ι. Ν. 
245 1 0 |a Υπαρξισμός /  |c Ι.Ν. Σκανδαλάκη 
260 |a Αθήναι :   |b [χ.ό.],   |c 1953 
300 |a 112 σ.;  |c 20 εκ. 
500 |a Με: Αι σύγχρονοι φιλοσοφικαί κατευθύνσεις / Κωνσταντίνου Γ. Γεωργούλη. - Ο υπαρξισμός / Δημητρίου Χ. Κουτάλου 
650 0 0 |a Existentialism. 
852 |a INST  |b RHODES  |c KRI  |e 20051011  |h  142.78 ΣΚA  |p 005400022486  |q 005400022486  |t BK  |y 0 
901 |a BIBL4-2005-3 
909 |a Ρ  |b 122296 
970 |a ΣΙΔΕΡΗ  |b ΝΕΚΤΑΡΙΑ  |z 2005/10/11